Central Library OPAC University of Rajshahi
Normal view MARC view

Entry Topical Term

Number of records used in: 4

001 - CONTROL NUMBER

  • control field: 13715

003 - CONTROL NUMBER IDENTIFIER

  • control field: BD-RjUL

005 - DATE AND TIME OF LATEST TRANSACTION

  • control field: 20241006102354.0

008 - FIXED-LENGTH DATA ELEMENTS

  • fixed length control field: 241006|| aca||aabn | a|a d

040 ## - CATALOGING SOURCE

  • Original cataloging agency: BD-RjUL
  • Transcribing agency: BD-RjUL

150 ## - HEADING--TOPICAL TERM

  • Topical term or geographic name entry element: Education
  • Form subdivision: Curricula
  • General subdivision: Evaluation

670 ## - SOURCE DATA FOUND

  • Source citation: Work cat.: (BD-RjUL)84079: Gani, Md. Ataul 13714, Evaluation of the Existing English Language Curricula of the Training Institutes for BCS Administration Cadre in Bangladesh /, 2019